|
|
|
|
| LEADER |
00000cam a2200000 a 4500 |
| 001 |
vtls001071885 |
| 003 |
SK-MaSNL |
| 005 |
20260301111000.0 |
| 008 |
240702s1993 xo g 0000f slo |
| 015 |
|
|
|a SNBA1993/07
|
| 020 |
|
|
|a 8021801441
|
| 035 |
|
|
|a SNK000014716
|
| 040 |
|
|
|a SNK
|b slo
|c SNK
|e AACR2
|
| 041 |
1 |
|
|a slo
|h eng
|
| 044 |
|
|
|a xo
|c SK
|
| 072 |
|
7 |
|a 821.111-3
|x Anglická próza, anglicky písaná
|2 konspekt
|
| 080 |
|
|
|a 820-3
|2 1981
|
| 080 |
|
|
|a 821.152.1-31
|2 2011
|
| 080 |
|
|
|a 821-311.1
|2 2011
|
| 100 |
1 |
|
|a Hart, Josephine,
|d 1942-2011
|4 aut
|9 229089
|
| 240 |
1 |
0 |
|a Damage
|l Slovensky
|
| 245 |
1 |
0 |
|a Skaza
|c Josephine Hart ; prekl. Alena Pániková
|
| 250 |
|
|
|a 1. vyd.
|
| 260 |
|
|
|a Bratislava
|b Danubiapress
|c 1993
|e Bratislava
|f Danubiaprint
|
| 300 |
|
|
|a 199 s.
|c 21 cm
|
| 655 |
|
7 |
|a írske romány (anglicky)
|2 SNKPH
|9 70782
|
| 655 |
|
7 |
|a psychologické romány
|2 SNKPH
|9 70762
|
| 655 |
|
7 |
|a Irish fiction (English)
|2 SNKPHeng
|9 286462
|
| 655 |
|
7 |
|a Psychological novels
|2 SNKPHeng
|9 277050
|
| 700 |
1 |
|
|a Pániková, Alena,
|d 1953-
|4 trl
|9 245418
|
| 700 |
1 |
|
|a Klimo, Martin,
|d 1954-
|4 bjd
|9 117866
|
| 700 |
1 |
|
|a Musil, Bruno
|4 bjd
|9 45942
|
| 852 |
|
|
|a Slovenská národná knižnica
|
| 919 |
|
|
|a 80-218-0144-1
|
| 954 |
|
|
|a beletria cudzojazyčná (svetová)
|2 lita
|
| 958 |
|
|
|a LX
|
| 958 |
|
|
|a UC
|
| 958 |
|
|
|a TL
|
| 958 |
|
|
|a NS
|
| 958 |
|
|
|a UP
|
| 968 |
|
|
|b ENG
|
| 999 |
|
|
|c 705003
|d 706933
|
| 952 |
|
|
|t P60, <05>, [BOOK], {605}
|a SNK
|b SNK
|y PREZ
|7 0
|p 17A0173740
|o snkSC 84025 D1
|0 0
|1 0
|4 0
|d 1998-12-11
|l 0
|r 2004-12-31 00:00:00
|w 2026-02-23
|
| 952 |
|
|
|a SNK
|b SNK
|y PREZ
|7 0
|p 17A1010188
|o snkSC 84025
|0 0
|1 0
|4 0
|d 2012-08-17
|l 0
|r 2025-08-22 00:00:00
|w 2026-02-23
|